[Event "Play for Durgesh Fundraiser Blitz"]
[Site "Vishy Anand Arena"]
[Date "2020.09.19"]
[Round "6"]
[White "Architsaigal"]
[Black "The ChessForce"]
[Result "1-0"]
[WhiteElo "1637"]
[BlackElo "1502"]
[Annotator "NA"]
[PlyCount "69"]
[EventDate "2020.09.19"]
[EventType "swiss (blitz)"]

1. e4 e5 2. Nf3 Nc6 3. d4 exd4 4. Bc4 Nf6 5. e5 d5 6. Bb5 Ne4 7. Nxd4 Bd7 8. O-O Nxd4 9. Bxd7+ Qxd7 10. Qxd4 Bc5 11. Qd3 O-O 12. Nd2 Qf5 13. Nf3 c6 14. c3 Qg6 15. Be3 Bxe3 16. Qxe3 Rae8 17. Rad1 f6 18. Qd4 fxe5 19. Nxe5 Qf5 20. f3 Rxe5 21. fxe4 Qxe4 22. Rxf8+ Kxf8 23. Rf1+ Kg8 24. Qxa7 Qe3+ 25. Qxe3 Rxe3 26. Kf2 Re2+ 27. Kxe2 h6 28. Rf4 Kh7 29. Kd3 Kg6 30. Rb4 Kg5 31. Rxb7 c5 32. Rxg7+ Kf6 33. Rd7 c4+ 34. Kd4 Ke6 35. Rxd5 1-0

[Event "Play for Durgesh Fundraiser Blitz"]
[Site "Vishy Anand Arena"]
[Date "2020.09.19"]
[Round "6"]
[White "Arjunkhandelwal"]
[Black "Ritwik chess"]
[Result "1-0"]
[WhiteElo "1636"]
[BlackElo "1690"]
[Annotator "NA"]
[PlyCount "83"]
[EventDate "2020.09.19"]
[EventType "swiss (blitz)"]

1. e4 e5 2. Nf3 Nc6 3. Bb5 a6 4. Ba4 Nf6 5. Qe2 d6 6. O-O Bg4 7. h3 Bh5 8. d3 b5 9. Bb3 Nd4 10. Qe3 Nxf3+ 11. gxf3 Nd7 12. Kh2 Be7 13. Rg1 g6 14. Bd5 Rb8 15. Qh6 Bf6 16. Nc3 Nb6 17. Rg3 Nxd5 18. Nxd5 c6 19. Nxf6+ Qxf6 20. Bg5 Qe6 21. Qg7 Rf8 22. Bh6 Kd7 23. Be3 Rg8 24. Qh6 f5 25. exf5 Qxf5 26. Qxh7+ Ke6 27. Re1 Rh8 28. Qc7 Rbc8 29. Qa5 Bxf3 30. d4 Bg4 31. dxe5 dxe5 32. Bd4 Kd7 33. Rxe5 Qf4 34. Qe1 Qxd4 35. Rd3 c5 36. Rxd4+ cxd4 37. Re7+ Kd8 38. Qe5 Rxh3+ 39. Kg2 Bf3+ 40. Kxh3 Bc6 41. Qxd4+ Bd7+ 42. Qxd7# 1-0

[Event "Play for Durgesh Fundraiser Blitz"]
[Site "Vishy Anand Arena"]
[Date "2020.09.19"]
[Round "6"]
[White "Sadhika"]
[Black "TOY 2"]
[Result "0-1"]
[WhiteElo "1633"]
[BlackElo "1581"]
[Annotator "NA"]
[PlyCount "104"]
[EventDate "2020.09.19"]
[EventType "swiss (blitz)"]

1. e4 c5 2. Nc3 d6 3. f4 Nc6 4. Nf3 g6 5. Bb5 Bg7 6. Bxc6+ bxc6 7. O-O e6 8. d3 Ne7 9. Qe1 d5 10. e5 Qb6 11. Kh1 Ba6 12. Rg1 Nf5 13. g4 Ne7 14. f5 gxf5 15. gxf5 Bf8 16. fxe6 fxe6 17. Ng5 Kd7 18. Qg3 Rg8 19. Qh3 Rg6 20. Qxh7 Bg7 21. Qh3 Bxe5 22. Qf3 Nf5 23. h3 Rh8 24. Bf4 Bxf4 25. Qxf4 Qc7 26. Qxc7+ Kxc7 27. Kh2 Rhg8 28. Nf3 Rg3 29. Ne5 Rxg1 30. Rxg1 Rxg1 31. Kxg1 Ne3 32. Na4 Nxc2 33. Nxc5 Bc8 34. Nb3 Kd6 35. Nf3 e5 36. Kf2 Bxh3 37. Kg3 Be6 38. Ng5 Nb4 39. Kh4 Nxd3 40. Nxe6 Kxe6 41. Na5 Nxb2 42. Nb7 e4 43. Na5 e3 44. Nxc6 e2 45. Nb4 e1=Q+ 46. Kg4 Qxb4+ 47. Kg5 Nd3 48. Kg6 Qe4+ 49. Kh6 Qe5 50. Kh7 Qf6 51. Kg8 Qf7+ 52. Kh8 Ne5 0-1

[Event "Play for Durgesh Fundraiser Blitz"]
[Site "Vishy Anand Arena"]
[Date "2020.09.19"]
[Round "6"]
[White "Shivakrishna1990"]
[Black "thor_attack"]
[Result "0-1"]
[WhiteElo "1633"]
[BlackElo "1813"]
[Annotator "NA"]
[PlyCount "60"]
[EventDate "2020.09.19"]
[EventType "swiss (blitz)"]

1. e4 c5 2. Nf3 d6 3. c3 Nf6 4. Be2 Nc6 5. Bb5 g6 6. Bxc6+ bxc6 7. d3 Bg7 8. Be3 O-O 9. h3 Rb8 10. b3 Nd7 11. O-O d5 12. exd5 cxd5 13. d4 cxd4 14. Bxd4 e5 15. Bxa7 Ra8 16. Be3 Ba6 17. Re1 e4 18. Nd4 Ne5 19. Nd2 Nd3 20. Re2 Qd7 21. Qc2 f5 22. a4 f4 23. Bxf4 Nxf4 24. Re3 Bd3 25. Rxd3 Nxd3 26. Rd1 Rxf2 27. Kh1 Raf8 28. Nxe4 dxe4 29. Rd2 Rf1+ 30. Kh2 Qd6+ 0-1

[Event "Play for Durgesh Fundraiser Blitz"]
[Site "Vishy Anand Arena"]
[Date "2020.09.19"]
[Round "6"]
[White "Castle_64"]
[Black "Geethanjali2"]
[Result "1-0"]
[WhiteElo "1632"]
[BlackElo "1465"]
[Annotator "NA"]
[PlyCount "41"]
[EventDate "2020.09.19"]
[EventType "swiss (blitz)"]

1. e4 e5 2. Nf3 Nc6 3. Bb5 Nf6 4. O-O d6 5. d4 Bd7 6. Nc3 a6 7. Bc4 b5 8. Bb3 Be6 9. d5 Nd4 10. dxe6 Nxf3+ 11. Qxf3 fxe6 12. Bxe6 Qe7 13. Bd5 b4 14. Bxa8 g6 15. Nd5 Bg7 16. Nxe7 Kxe7 17. Bd5 Nxd5 18. exd5 Rf8 19. Bg5+ Ke8 20. Qg4 h5 21. Qe6# 1-0

[Event "Play for Durgesh Fundraiser Blitz"]
[Site "Vishy Anand Arena"]
[Date "2020.09.19"]
[Round "6"]
[White "LegendBoy6"]
[Black "Nithin2107"]
[Result "1-0"]
[WhiteElo "1632"]
[BlackElo "1342"]
[Annotator "NA"]
[PlyCount "22"]
[EventDate "2020.09.19"]
[EventType "swiss (blitz)"]

1. e4 e5 2. d4 exd4 3. Bc4 Nc6 4. Nf3 Bc5 5. O-O Nf6 6. e5 d5 7. exf6 dxc4 8. fxg7 Rg8 9. Qe2+ Be6 10. Ng5 Rxg7 11. Nxe6 f6 1-0

[Event "Play for Durgesh Fundraiser Blitz"]
[Site "Vishy Anand Arena"]
[Date "2020.09.19"]
[Round "6"]
[White "Tknayak101"]
[Black "suryamnaik"]
[Result "1-0"]
[WhiteElo "1632"]
[BlackElo "1757"]
[Annotator "NA"]
[PlyCount "41"]
[EventDate "2020.09.19"]
[EventType "swiss (blitz)"]

1. e4 c5 2. Nc3 Nc6 3. Nf3 g6 4. d4 cxd4 5. Nxd4 Bg7 6. Be3 Nf6 7. Qd2 Ng4 8. O-O-O Nxe3 9. fxe3 O-O 10. Kb1 d6 11. h3 a6 12. g4 Qc7 13. g5 b5 14. h4 b4 15. Nd5 Qb7 16. Nxc6 e6 17. Nde7+ Kh8 18. Nxc8 Qxc6 19. Nxd6 Rad8 20. Bg2 Be5 21. Nxf7+ 1-0

[Event "Play for Durgesh Fundraiser Blitz"]
[Site "Vishy Anand Arena"]
[Date "2020.09.19"]
[Round "6"]
[White "sanjo_hunter"]
[Black "Manasa_chess lady"]
[Result "0-1"]
[WhiteElo "1631"]
[BlackElo "1754"]
[Annotator "NA"]
[PlyCount "72"]
[EventDate "2020.09.19"]
[EventType "swiss (blitz)"]

1. e4 e6 2. d4 d5 3. e5 c5 4. c3 Nc6 5. Nf3 Qb6 6. a4 cxd4 7. cxd4 Bb4+ 8. Nc3 Bd7 9. Bb5 a6 10. Bxc6 Bxc6 11. O-O Ne7 12. Qc2 Rc8 13. Be3 h6 14. Rfc1 O-O 15. Qe2 Nf5 16. Rf1 Nxe3 17. fxe3 Bxc3 18. bxc3 Qb3 19. Rfc1 Bxa4 20. Rcb1 Qc2 21. Qxc2 Bxc2 22. Rxb7 Rxc3 23. Kf2 Bd3 24. Ra5 Rc2+ 25. Kg3 Bf1 26. Ne1 Rc3 27. Kf3 f6 28. Rc5 fxe5+ 29. Kg3 exd4 30. Nf3 Rxc5 31. Rb6 dxe3 32. Rxe6 e2 33. Nd2 Rc1 34. Nf3 Rxf3+ 35. gxf3 e1=Q+ 36. Rxe1 Rxe1 0-1

[Event "Play for Durgesh Fundraiser Blitz"]
[Site "Vishy Anand Arena"]
[Date "2020.09.19"]
[Round "6"]
[White "Sadhika"]
[Black "Asa0285"]
[Result "1-0"]
[WhiteElo "1627"]
[BlackElo "1348"]
[Annotator "NA"]
[PlyCount "89"]
[EventDate "2020.09.19"]
[EventType "swiss (blitz)"]

1. e4 c5 2. Nc3 Nc6 3. f4 g6 4. Nf3 Bg7 5. Bb5 a6 6. Bxc6 bxc6 7. O-O d6 8. d3 Nf6 9. Qe1 O-O 10. Qg3 Rb8 11. f5 Nh5 12. Qh4 Bf6 13. Bg5 Rxb2 14. Bxf6 exf6 15. g4 Ng7 16. Rf2 g5 17. Qh3 d5 18. Kh1 Re8 19. Qf1 Qa5 20. Qe1 c4 21. dxc4 dxe4 22. Nxe4 Rxa2 23. Nxf6+ Kf8 24. Qxa5 Rxa5 25. Rxa5 Re1+ 26. Nxe1 Bb7 27. Nxh7+ Ke8 28. Nxg5 c5+ 29. Kg1 f6 30. Re2+ Kf8 31. Ne6+ Nxe6 32. fxe6 Ke7 33. Rxc5 a5 34. Rc7+ Kd6 35. Rxb7 a4 36. Ra7 f5 37. gxf5 Kc5 38. Rxa4 Kd4 39. e7 Kc3 40. Rb4 Kd4 41. Re4+ Kc5 42. Rb5+ Kc6 43. e8=Q+ Kc7 44. Re7+ Kd6 45. Qd7# 1-0

[Event "Play for Durgesh Fundraiser Blitz"]
[Site "Vishy Anand Arena"]
[Date "2020.09.19"]
[Round "6"]
[White "SuhasMrinal"]
[Black "Uddipanroy"]
[Result "0-1"]
[WhiteElo "1627"]
[BlackElo "1725"]
[Annotator "NA"]
[PlyCount "58"]
[EventDate "2020.09.19"]
[EventType "swiss (blitz)"]

1. e4 c5 2. Nf3 d6 3. d4 cxd4 4. Nxd4 Nf6 5. Nc3 a6 6. Bc4 e6 7. Bg5 Be7 8. f4 Bd7 9. g4 Nc6 10. Qd2 Nxg4 11. Bxe7 Qxe7 12. Rg1 Qh4+ 13. Rg3 Nxh2 14. O-O-O Qxg3 15. Nxc6 Bxc6 16. Qxd6 Nf3 17. Qd3 Qxf4+ 18. Kb1 O-O 19. Rf1 Nd2+ 20. Kc1 Nxf1+ 21. Kd1 Ne3+ 22. Ke2 Nxc4 23. Qxc4 Rac8 24. Qd3 Rfd8 25. Qf3 Bb5+ 26. Kf2 Rd2+ 27. Ne2 Rxe2+ 28. Kf1 Qxf3+ 29. Kg1 Qg2# 0-1

[Event "Play for Durgesh Fundraiser Blitz"]
[Site "Vishy Anand Arena"]
[Date "2020.09.19"]
[Round "6"]
[White "Tusharsawant91"]
[Black "Prathinav244"]
[Result "1-0"]
[WhiteElo "1627"]
[BlackElo "1342"]
[Annotator "NA"]
[PlyCount "75"]
[EventDate "2020.09.19"]
[EventType "swiss (blitz)"]

1. e4 c5 2. Nf3 a6 3. d3 e6 4. Be2 b5 5. O-O Bb7 6. Bf4 Nc6 7. a3 d6 8. Re1 Be7 9. h3 Nf6 10. e5 dxe5 11. Nxe5 Nxe5 12. Bxe5 Bd6 13. Bf3 Bxf3 14. Qxf3 O-O 15. Bxd6 Qxd6 16. Nc3 Rfc8 17. Rad1 b4 18. Ne4 Nxe4 19. Qxe4 a5 20. a4 Qd7 21. b3 Qc6 22. Qxc6 Rxc6 23. Re5 h6 24. Rde1 Rd8 25. R1e3 Kf8 26. Rf3 Rd5 27. Rxd5 exd5 28. Rf5 Rd6 29. g4 g6 30. Rf3 Ke7 31. Re3+ Re6 32. Kg2 Kd6 33. Rxe6+ Kxe6 34. f4 f5 35. gxf5+ Kxf5 36. Kf3 g5 37. fxg5 Kxg5 38. Kg3 1-0

[Event "Play for Durgesh Fundraiser Blitz"]
[Site "Vishy Anand Arena"]
[Date "2020.09.19"]
[Round "6"]
[White "Soham Sheogekar"]
[Black "Boonrook"]
[Result "0-1"]
[WhiteElo "1623"]
[BlackElo "1314"]
[Annotator "NA"]
[PlyCount "92"]
[EventDate "2020.09.19"]
[EventType "swiss (blitz)"]

1. e4 e5 2. Qf3 Nc6 3. Bc4 Nh6 4. c3 d6 5. h3 Qe7 6. d4 Be6 7. d5 Na5 8. dxe6 Nxc4 9. exf7+ Nxf7 10. Qd3 Nb6 11. Be3 c5 12. Nf3 Nd8 13. O-O Nd7 14. Bg5 Nf6 15. Qb5+ Qd7 16. Qxd7+ Nxd7 17. Nbd2 Be7 18. Bxe7 Kxe7 19. a4 Rf8 20. Ng5 h6 21. Ngf3 Rf6 22. b4 b6 23. bxc5 bxc5 24. Rab1 Ne6 25. g4 g5 26. Rb7 Nf4 27. Kh2 Ke6 28. Rfb1 Ne2 29. Kg2 Nxc3 30. Ra1 Nb6 31. Ra3 Ncxa4 32. Nc4 Nxc4 33. Rxa4 Nb6 34. Ra6 Nc4 35. Rb1 Raf8 36. Rd1 Rxf3 37. Kh2 Rxf2+ 38. Kg1 R8f3 39. Rc1 Rf1+ 40. Rxf1 Rxf1+ 41. Kxf1 Ne3+ 42. Ke2 Nc4 43. Rxa7 d5 44. Rh7 d4 45. Rxh6+ Ke7 46. Kd3 Nd6 0-1

[Event "Play for Durgesh Fundraiser Blitz"]
[Site "Vishy Anand Arena"]
[Date "2020.09.19"]
[Round "6"]
[White "Captain marvel"]
[Black "Cubing siddanth"]
[Result "0-1"]
[WhiteElo "1620"]
[BlackElo "1141"]
[Annotator "NA"]
[PlyCount "40"]
[EventDate "2020.09.19"]
[EventType "swiss (blitz)"]

1. e4 c5 2. Nf3 d6 3. Nc3 Nf6 4. Bb5+ Nc6 5. d3 Bd7 6. O-O Qc8 7. Bg5 Qc7 8. Bxf6 gxf6 9. Nd5 Qb8 10. c4 Rg8 11. d4 Bh3 12. g3 a6 13. Bxc6+ bxc6 14. Ne3 cxd4 15. Nxd4 e6 16. Re1 f5 17. exf5 exf5 18. Nexf5+ Kd8 19. Qe2 Bg4 20. Qe8+ Kc7 0-1

[Event "Play for Durgesh Fundraiser Blitz"]
[Site "Vishy Anand Arena"]
[Date "2020.09.19"]
[Round "6"]
[White "Kiyaan0511"]
[Black "prathameshb"]
[Result "0-1"]
[WhiteElo "1620"]
[BlackElo "1450"]
[Annotator "NA"]
[PlyCount "32"]
[EventDate "2020.09.19"]
[EventType "swiss (blitz)"]

1. e4 c5 2. Nf3 d6 3. e5 d5 4. Bb5+ Bd7 5. Bxd7+ Nxd7 6. d3 f6 7. exf6 Ngxf6 8. d4 c4 9. Ne5 Nxe5 10. dxe5 Ne4 11. Nc3 e6 12. Nxe4 g6 13. Nf6+ Kf7 14. O-O Qc7 15. Bf4 g5 16. Bxg5 Qxe5 0-1

[Event "Play for Durgesh Fundraiser Blitz"]
[Site "Vishy Anand Arena"]
[Date "2020.09.19"]
[Round "6"]
[White "Kiyaan0511"]
[Black "Aryn"]
[Result "0-1"]
[WhiteElo "1620"]
[BlackElo "1428"]
[Annotator "NA"]
[PlyCount "34"]
[EventDate "2020.09.19"]
[EventType "swiss (blitz)"]

1. e4 e5 2. Nf3 Nc6 3. Nc3 Nf6 4. Bb5 Be7 5. Bxc6 dxc6 6. O-O Bd7 7. Nxe5 Bg4 8. Nxg4 O-O 9. Nxf6+ Bxf6 10. d3 Be5 11. Qh5 g6 12. Qxe5 f6 13. Qd4 Qxd4 14. Bh6 Rfd8 15. Ne2 Qxb2 16. Ng3 Qxc2 17. Bf4 Rac8 0-1

[Event "Play for Durgesh Fundraiser Blitz"]
[Site "Vishy Anand Arena"]
[Date "2020.09.19"]
[Round "6"]
[White "abhi_golu"]
[Black "S A Serock"]
[Result "1-0"]
[WhiteElo "1620"]
[BlackElo "1659"]
[Annotator "NA"]
[PlyCount "61"]
[EventDate "2020.09.19"]
[EventType "swiss (blitz)"]

1. e4 c5 2. c3 d6 3. Nf3 Bg4 4. Be2 g6 5. O-O Bg7 6. h3 Be6 7. d3 Nf6 8. Re1 O-O 9. Bg5 h6 10. Be3 d5 11. Qc1 dxe4 12. dxe4 Nxe4 13. Bxh6 Nf6 14. Bxg7 Kxg7 15. Rd1 Qc7 16. Na3 Nc6 17. Nb5 Qb6 18. a4 a5 19. Qe3 Rfd8 20. Ne5 Nxe5 21. Qxe5 Rh8 22. Bf3 Rad8 23. Qc7 Rxd1+ 24. Rxd1 Qxc7 25. Nxc7 Bb3 26. Rd2 e6 27. Nb5 Bxa4 28. Nd6 Bc6 29. Bxc6 bxc6 30. Nb7 Ne4 31. Rd3 1-0

[Event "Play for Durgesh Fundraiser Blitz"]
[Site "Vishy Anand Arena"]
[Date "2020.09.19"]
[Round "6"]
[White "V_j"]
[Black "srujankeerthan2005"]
[Result "0-1"]
[WhiteElo "1618"]
[BlackElo "1835"]
[Annotator "NA"]
[PlyCount "82"]
[EventDate "2020.09.19"]
[EventType "swiss (blitz)"]

1. c4 Nf6 2. g3 e6 3. Bg2 Be7 4. Nf3 d5 5. O-O O-O 6. d4 Ne4 7. cxd5 exd5 8. Nc3 c6 9. Nxe4 dxe4 10. Nd2 f5 11. f3 Qxd4+ 12. Kh1 e3 13. Nb3 Qb6 14. Qd3 f4 15. gxf4 Bf5 16. Qxe3 Qc7 17. Bd2 Bd6 18. Nd4 Nd7 19. Nxf5 Rxf5 20. Bh3 Rxf4 21. Qe6+ Rf7 22. Rg1 Nf8 23. Qb3 Kh8 24. Bc3 Bxh2 25. Rg2 Bd6 26. Rag1 Ng6 27. Be6 Rf4 28. Rg4 Raf8 29. Bd2 Rxg4 30. Rxg4 Bf4 31. e3 Be5 32. f4 Bf6 33. f5 Ne5 34. Rg2 Qe7 35. Bc3 Qe8 36. Qxb7 Qh5+ 37. Rh2 Qd1+ 38. Kg2 Qf3+ 39. Kg1 Qxe3+ 40. Kh1 Nf3 41. Bxf6 Qg1# 0-1

[Event "Play for Durgesh Fundraiser Blitz"]
[Site "Vishy Anand Arena"]
[Date "2020.09.19"]
[Round "6"]
[White "Adit pushan"]
[Black "RuchirNSB"]
[Result "1-0"]
[WhiteElo "1617"]
[BlackElo "1238"]
[Annotator "NA"]
[PlyCount "123"]
[EventDate "2020.09.19"]
[EventType "swiss (blitz)"]

1. e4 e5 2. Nf3 Nc6 3. d4 exd4 4. Nxd4 Bc5 5. Be3 Nge7 6. Bc4 Nxd4 7. Bxd4 Bxd4 8. Qxd4 O-O 9. O-O Nc6 10. Qe3 Qf6 11. c3 Re8 12. Nd2 Ne5 13. Be2 d6 14. h3 Be6 15. f4 Nc6 16. f5 Bd7 17. Bc4 Bxf5 18. Qf4 Bg6 19. Qxf6 gxf6 20. Rxf6 Rad8 21. Raf1 Ne5 22. Bb3 c5 23. Nc4 Nxc4 24. Bxc4 Rxe4 25. Bxf7+ Bxf7 26. Rxf7 Re1 27. Rxb7 Rxf1+ 28. Kxf1 Rf8+ 29. Ke2 Ra8 30. Rd7 a5 31. Rxd6 a4 32. Rc6 Ra5 33. Kd3 a3 34. b3 Kf7 35. Kc4 Ke7 36. Rxc5 Ra6 37. b4 Rf6 38. Rc7+ Kd6 39. Rxh7 Rf4+ 40. Kb3 Rf2 41. Rg7 Ke6 42. Kxa3 Kf6 43. Rg4 Kf5 44. Kb3 Rf4 45. Rxf4+ Kxf4 46. a4 Ke5 47. a5 Kd6 48. a6 Kc7 49. h4 Kb8 50. h5 Ka7 51. h6 Kxa6 52. h7 Kb6 53. h8=Q Kc7 54. Qe5+ Kd7 55. g4 Kc6 56. g5 Kd7 57. g6 Kc6 58. g7 Kb7 59. g8=Q Kc6 60. Qge6+ Kb7 61. Qg7+ Kb8 62. Qeg8# 1-0

[Event "Play for Durgesh Fundraiser Blitz"]
[Site "Vishy Anand Arena"]
[Date "2020.09.19"]
[Round "6"]
[White "Dicedeepak"]
[Black "Supriya H B"]
[Result "1-0"]
[WhiteElo "1616"]
[BlackElo "1419"]
[Annotator "NA"]
[PlyCount "73"]
[EventDate "2020.09.19"]
[EventType "swiss (blitz)"]

1. e4 c5 2. Nc3 Nc6 3. Bb5 a6 4. Bxc6 bxc6 5. f4 d5 6. e5 d4 7. Ne4 Bf5 8. d3 e6 9. Nf3 Bxe4 10. dxe4 f6 11. O-O fxe5 12. Nxe5 Qd6 13. Qh5+ g6 14. Nxg6 Nf6 15. Qh3 Rg8 16. Nxf8 Kxf8 17. e5 Qe7 18. exf6 Qxf6 19. f5 e5 20. Qh6+ Qxh6 21. Bxh6+ Kf7 22. Rae1 Rae8 23. h3 e4 24. Kh2 e3 25. Rf3 e2 26. Rf2 c4 27. Rfxe2 Rxe2 28. Rxe2 Kf6 29. Rd2 d3 30. cxd3 cxd3 31. Rxd3 Kxf5 32. Rf3+ Ke4 33. Ra3 Rg6 34. Bc1 c5 35. Ra4+ Kd3 36. Ra3+ Kc2 37. Be3 1-0

[Event "Play for Durgesh Fundraiser Blitz"]
[Site "Vishy Anand Arena"]
[Date "2020.09.19"]
[Round "6"]
[White "enthusiast"]
[Black "Ameethh"]
[Result "0-1"]
[WhiteElo "1613"]
[BlackElo "1464"]
[Annotator "NA"]
[PlyCount "70"]
[EventDate "2020.09.19"]
[EventType "swiss (blitz)"]

1. e4 c5 2. Nf3 d6 3. c4 Nc6 4. Nc3 e5 5. d3 Be7 6. Be2 Nf6 7. O-O O-O 8. h3 a6 9. Be3 Nd4 10. Bxd4 cxd4 11. Nd5 Be6 12. Nxe7+ Qxe7 13. Ng5 Bd7 14. Nf3 h6 15. Qd2 Nh5 16. g4 Nf4 17. Kh2 Qf6 18. Rg1 Qe6 19. Nxd4 Qf6 20. Nf3 Qe6 21. Rg3 f6 22. d4 Rad8 23. d5 Qf7 24. Rag1 Rfe8 25. Bf1 Re7 26. h4 Kh8 27. Bh3 Rg8 28. Qe1 h5 29. Qf1 hxg4 30. Bxg4 Bxg4 31. Rxg4 Qh5 32. Kg3 g6 33. Nh2 f5 34. exf5 Qxf5 35. f3 Nh5+ 0-1

[Event "Play for Durgesh Fundraiser Blitz"]
[Site "Vishy Anand Arena"]
[Date "2020.09.19"]
[Round "6"]
[White "sanjo_hunter"]
[Black "Khs95"]
[Result "0-1"]
[WhiteElo "1613"]
[BlackElo "1827"]
[Annotator "NA"]
[PlyCount "82"]
[EventDate "2020.09.19"]
[EventType "swiss (blitz)"]

1. e4 e6 2. Nc3 c6 3. Nf3 d5 4. e5 Nd7 5. d4 b6 6. Bd3 Bb7 7. a3 h6 8. Bd2 c5 9. Ne2 cxd4 10. Nexd4 Ne7 11. c3 Nc6 12. Bf4 Bc5 13. O-O g5 14. Be3 g4 15. Nd2 Ncxe5 16. Bb5 h5 17. Bf4 Ng6 18. Be3 a6 19. Bd3 Nde5 20. Qc2 Qf6 21. Bxg6 Nxg6 22. N2b3 Bd6 23. Rae1 h4 24. f3 gxf3 25. Rxf3 Qe5 26. Qf2 Qxh2+ 27. Kf1 Bg3 28. Qe2 Ne5 29. Rxg3 hxg3 30. Bg1 Qh5 31. Qxe5 Qg6 32. Re3 Rh5 33. Qf4 Qb1+ 34. Re1 Qd3+ 35. Ne2 Rf5 36. Qxf5 Qxf5+ 37. Nf4 Qxf4+ 38. Ke2 a5 39. Nd2 Ba6+ 40. Kd1 O-O-O 41. Nf3 Qg4 0-1

[Event "Play for Durgesh Fundraiser Blitz"]
[Site "Vishy Anand Arena"]
[Date "2020.09.19"]
[Round "6"]
[White "Nagaramchess"]
[Black "Vaishnavi0309"]
[Result "0-1"]
[WhiteElo "1611"]
[BlackElo "1406"]
[Annotator "NA"]
[PlyCount "48"]
[EventDate "2020.09.19"]
[EventType "swiss (blitz)"]

1. e4 e5 2. Nf3 Nc6 3. Bc4 Bc5 4. O-O Nf6 5. Nc3 O-O 6. d3 h6 7. Be3 Bb6 8. d4 exd4 9. Nxd4 Nxd4 10. Bxd4 d6 11. Re1 Bg4 12. f3 Bd7 13. Bxb6 axb6 14. Qd2 Re8 15. Rad1 Be6 16. Bxe6 Rxe6 17. f4 Qd7 18. e5 Nh7 19. exd6 cxd6 20. Rxe6 Qxe6 21. Qxd6 Qe3+ 22. Kh1 Re8 23. Qd2 Qxd2 24. Rxd2 Re1# 0-1

[Event "Play for Durgesh Fundraiser Blitz"]
[Site "Vishy Anand Arena"]
[Date "2020.09.19"]
[Round "6"]
[White "Namanjain2005"]
[Black "Adit pushan"]
[Result "0-1"]
[WhiteElo "1609"]
[BlackElo "1599"]
[Annotator "NA"]
[PlyCount "56"]
[EventDate "2020.09.19"]
[EventType "swiss (blitz)"]

1. e4 c5 2. Nf3 Nc6 3. d4 cxd4 4. Nxd4 Nf6 5. Nc3 e6 6. Be2 Bb4 7. Nxc6 bxc6 8. Qd3 Bxc3+ 9. bxc3 O-O 10. O-O d5 11. exd5 cxd5 12. c4 Bb7 13. cxd5 Bxd5 14. Ba3 Re8 15. Rfd1 Qa5 16. Bb2 Be4 17. Qg3 Qf5 18. Bd3 Bxd3 19. Rxd3 Qg6 20. Qc7 Nd5 21. Qg3 Rec8 22. Qxg6 hxg6 23. Rc1 Nb4 24. Rd7 Nxc2 25. Be5 Nb4 26. Rb1 f6 27. Rxb4 Rc1+ 28. Rd1 Rxd1# 0-1

[Event "Play for Durgesh Fundraiser Blitz"]
[Site "Vishy Anand Arena"]
[Date "2020.09.19"]
[Round "6"]
[White "Adireddyarjun"]
[Black "Scorpion29"]
[Result "0-1"]
[WhiteElo "1606"]
[BlackElo "1756"]
[Annotator "NA"]
[PlyCount "88"]
[EventDate "2020.09.19"]
[EventType "swiss (blitz)"]

1. e4 e6 2. d4 d5 3. Bd3 Nf6 4. e5 Nfd7 5. f4 c5 6. c3 Nc6 7. Nf3 Qb6 8. Bc2 cxd4 9. cxd4 Bb4+ 10. Nc3 O-O 11. O-O f6 12. Be3 fxe5 13. fxe5 Ndxe5 14. Nxe5 Rxf1+ 15. Qxf1 Nxe5 16. Na4 Qc6 17. Bxh7+ Kxh7 18. dxe5 Qxa4 19. Qf4 Bd7 20. Rf1 Rf8 21. Qh4+ Kg8 22. Bf4 Bc5+ 23. Kh1 Bb5 24. Rc1 Qxf4 25. Qxf4 Rxf4 26. g3 Rf1+ 27. Rxf1 Bxf1 28. b4 Bxb4 29. Kg1 Bc4 30. Kf2 Bxa2 31. Ke3 Bc4 32. Kd4 Be7 33. g4 b5 34. h4 b4 35. h5 b3 36. g5 Bxg5 37. h6 gxh6 38. Kc5 b2 39. Kd6 b1=Q 40. Kxe6 Qg6+ 41. Kd7 Bb5+ 42. Kc8 Qc6+ 43. Kb8 Ba6 44. Kxa7 Qb7# 0-1

[Event "Play for Durgesh Fundraiser Blitz"]
[Site "Vishy Anand Arena"]
[Date "2020.09.19"]
[Round "6"]
[White "V_j"]
[Black "arjuncnilambur"]
[Result "1-0"]
[WhiteElo "1605"]
[BlackElo "1521"]
[Annotator "NA"]
[PlyCount "45"]
[EventDate "2020.09.19"]
[EventType "swiss (blitz)"]

1. c4 e5 2. g3 d6 3. Bg2 c6 4. Nc3 Bf5 5. Nf3 Nd7 6. O-O Ngf6 7. d4 exd4 8. Nxd4 Bg6 9. e4 Be7 10. Re1 O-O 11. Bg5 c5 12. Nf3 h6 13. Bxf6 Bxf6 14. Qxd6 Bxc3 15. bxc3 Nf6 16. Qxd8 Rfxd8 17. e5 Nd7 18. Red1 Be4 19. a4 Bxf3 20. Bxf3 Nxe5 21. Bxb7 Rab8 22. Bd5 Kf8 23. Rab1 1-0

[Event "Play for Durgesh Fundraiser Blitz"]
[Site "Vishy Anand Arena"]
[Date "2020.09.19"]
[Round "6"]
[White "ArunaD"]
[Black "deborajbiswas"]
[Result "0-1"]
[WhiteElo "1604"]
[BlackElo "1539"]
[Annotator "NA"]
[PlyCount "84"]
[EventDate "2020.09.19"]
[EventType "swiss (blitz)"]

1. f4 Nc6 2. Nf3 Nf6 3. e3 e6 4. Bb5 d6 5. b3 Bd7 6. Bb2 g6 7. d3 Bg7 8. Nbd2 O-O 9. Rb1 e5 10. Bxc6 Bxc6 11. fxe5 dxe5 12. Bxe5 Nd5 13. Bxg7 Kxg7 14. c4 Nc3 15. Qc2 Nxb1 16. Qxb1 Re8 17. e4 Qd7 18. O-O Rad8 19. d4 f6 20. d5 Qd6 21. dxc6 Qxc6 22. Qb2 Qc5+ 23. Kh1 Qe3 24. Re1 Qc5 25. e5 fxe5 26. Nxe5 Rxd2 27. Qxd2 Rxe5 28. Qc3 Kf6 29. g4 Ke6 30. Rxe5+ Qxe5 31. Qxe5+ Kxe5 32. Kg2 Kd4 33. Kf3 Kc3 34. Kf4 Kb2 35. Kg5 Kxa2 36. Kh6 Kxb3 37. Kxh7 a5 38. Kxg6 a4 39. Kf5 a3 40. g5 a2 41. g6 a1=Q 42. g7 Qxg7 0-1

[Event "Play for Durgesh Fundraiser Blitz"]
[Site "Vishy Anand Arena"]
[Date "2020.09.19"]
[Round "6"]
[White "Doremon2011"]
[Black "Danish2009"]
[Result "0-1"]
[WhiteElo "1603"]
[BlackElo "1436"]
[Annotator "NA"]
[PlyCount "60"]
[EventDate "2020.09.19"]
[EventType "swiss (blitz)"]

1. e4 e5 2. Nf3 Nc6 3. d4 exd4 4. Nxd4 Nxd4 5. Qxd4 d6 6. Bc4 Nf6 7. e5 dxe5 8. Qxe5+ Qe7 9. Qxe7+ Bxe7 10. Nc3 O-O 11. O-O Bb4 12. Bd2 Rd8 13. Be1 Bxc3 14. Bxc3 Rd6 15. Rfe1 Bf5 16. Re7 Rd7 17. Bxf6 gxf6 18. Bxf7+ Kf8 19. Rxd7 Bxd7 20. Bc4 Re8 21. Rd1 Bc6 22. h3 b5 23. Bb3 Re7 24. Rd8+ Kg7 25. Rg8+ Kh6 26. g4 Re1+ 27. Kh2 Rh1+ 28. Kg3 Rg1+ 29. Kf4 Rf1 30. f3 Rxf3# 0-1

[Event "Play for Durgesh Fundraiser Blitz"]
[Site "Vishy Anand Arena"]
[Date "2020.09.19"]
[Round "6"]
[White "H809"]
[Black "Sanjith S"]
[Result "1-0"]
[WhiteElo "1603"]
[BlackElo "1461"]
[Annotator "NA"]
[PlyCount "69"]
[EventDate "2020.09.19"]
[EventType "swiss (blitz)"]

1. e4 c5 2. Nf3 Nc6 3. d4 cxd4 4. Nxd4 d5 5. Nxc6 bxc6 6. exd5 Qxd5 7. Qxd5 cxd5 8. Nc3 e6 9. Bb5+ Bd7 10. Bxd7+ Kxd7 11. O-O Rc8 12. Be3 Bb4 13. Ne2 Rxc2 14. Nd4 Rxb2 15. Rab1 Rxb1 16. Rxb1 Bd6 17. Rb7+ Bc7 18. Nb5 Kc6 19. Rxc7+ Kxb5 20. Rxf7 Nf6 21. Rb7+ Kc4 22. Rxg7 d4 23. Bf4 Rd8 24. Bg5 Ne4 25. Bxd8 d3 26. Rxa7 d2 27. Rd7 Kc3 28. Ba5+ Kc2 29. Bxd2 Nxd2 30. Rxd2+ Kxd2 31. a4 Kc3 32. a5 Kc4 33. a6 Kb5 34. a7 Kc6 35. a8=Q+ 1-0

[Event "Play for Durgesh Fundraiser Blitz"]
[Site "Vishy Anand Arena"]
[Date "2020.09.19"]
[Round "6"]
[White "Nisanth2107"]
[Black "TejusD"]
[Result "1-0"]
[WhiteElo "1602"]
[BlackElo "1620"]
[Annotator "NA"]
[PlyCount "61"]
[EventDate "2020.09.19"]
[EventType "swiss (blitz)"]

1. e4 c5 2. Nf3 Nc6 3. d4 e6 4. Nc3 cxd4 5. Nxd4 Nxd4 6. Qxd4 d6 7. Bb5+ Bd7 8. Qa4 a6 9. Bxd7+ Qxd7 10. Qxd7+ Kxd7 11. Be3 e5 12. f4 f6 13. Nd5 Rc8 14. Nb6+ Kd8 15. Nxc8 Kxc8 16. O-O-O Nh6 17. fxe5 fxe5 18. Bxh6 gxh6 19. Rdf1 h5 20. Rf2 Bg7 21. Rhf1 Kb8 22. Rf7 Rg8 23. Rd7 Bh6+ 24. Kd1 Kc8 25. Rff7 Rxg2 26. Rxh7 Rg1+ 27. Ke2 Bf4 28. Rc7+ Kd8 29. Rxb7 Rg2+ 30. Kf3 Rxh2 31. Rb8# 1-0